Communes de la Guadeloupe (971) de plus de 10000 habitants - Statistiques

Statistiques générales
  • Ce quiz a été pris 38 fois
  • Le résultat moyen est 9 sur 13
Statistiques - réponses
Habitants Communes % Correct
51760 Les Abymes
91%
27205 Le Gosier
88%
30943 Baie-Mahault
79%
14855 Pointe-à-Pitre
79%
22924 Le Moule
73%
24415 Sainte-Anne
73%
24299 Petit-Bourg
67%
13249 Saint-François
67%
17494 Sainte-Rose
58%
15839 Morne-à-l'Eau
52%
18437 Lamentin
48%
17882 Capesterre-Belle-Eau
42%
10432 Saint-Claude
39%
Aucun quiz correspondant
Distribution des résultats
% des personnes avec chaque résultat
Percentile par nombre de réponses
Votre historique - résultats
Vous n’avez pas pris ce quiz